Guess the Horror Movie by Death - Statistics

General Stats
  • This quiz has been taken 111 times
  • The average score is 8 of 15
Answer Stats
Hint Answer % Correct
Man is telepathically murdered by a stringy haired ghost girl who crawls out of his TV Ring
91%
Woman in the shower is ruthlessly stabbed to death Psycho
88%
Man on a spaceship has his chest burst open by a worm-like alien Alien
76%
Woman has her mouth torn apart by a trap akin to a bear trap Saw 3D
71%
Teenage boy is pulled into his own bed, before being reduced to a geyser of blood A Nightmare on Elm Street
63%
Horror-obsessed teenager is shot in the head after being stabbed and coming back for one last scare Scream
59%
Teenage girl is bashed against a tree while trapped in a sleeping bag Friday the 13th Part VII: The New Blood
48%
A doctor has his hands bitten off by the belly of what was once his co-worker, now the host of an alien The Thing
48%
Vampire accidentally steps into sunlight and disintegrates after spending the entire night sucking the blood of a German lady Nosferatu: A Symphony of Horror
47%
An invisible scientist knocks out a train conductor and forces his train off a cliff, killing one hundred total people The Invisible Man
43%
Woman, has her eye sliced, is then scalped, before having her arms ripped off, then having her back skinned before being showered with bleach and salt, then having the left side of her face ripped off, bleeds out due to her injuries Terrifier 2
39%
Man is tragically shot dead by a posse, assuming he was a zombie Night of The Living Dead
34%
Man is pinned to a wall and stabbed repeatedly by a William Shatner fan Halloween
29%
Soldier has his head bashed against a wall, before having his eyes gouged out by a vengeful Briton 28 Days Later
18%
Horribly mutated woman falls to the ground, before exploding into viscera The Substance
11%
No matching quizzes found
Score Distribution
Percent of People with Each Score
Percentile by Number Answered
Your Score History
You have not taken this quiz